000 00430nam a22001697a 4500
005 20160523140124.0
008 160523b xxu||||| |||| 00| 0 eng d
020 _a0-12-566985-1
041 _aeng
082 _b4311
100 _aJaiswal, Mahadeo Mital, Monka
_91065
245 _aManagement Information Systems
260 _aNew Delhi
_bAcademic Faundation
_c2004
300 _a612
650 _aManagement
_9241
942 _cBK
999 _c1457
_d1457